| 000 | 00611nam a22001937a 4500 | ||
|---|---|---|---|
| 003 | 0 | ||
| 005 | 20240416124459.0 | ||
| 008 | 240416b xxu||||| |||| 00| 0 eng d | ||
| 020 | _a978-1-250-16898-6 | ||
| 050 |
_aTR _bPic586 2019 |
||
| 082 |
_aTR _bPic586 2019 |
||
| 245 | _aPablo Picasso | ||
| 250 | _aFirst edition | ||
| 260 |
_aNew York _bRoaring Brook Press _cc2015. |
||
| 300 |
_aunpaged : _bcolored illustration ; _c15 cm. |
||
| 600 | _aPablo Picasso--Artists -- France -- Biography -- Juvenile literature. | ||
| 650 | _aArtists -- France -- Biography -- Juvenile literature. | ||
| 942 |
_2ddc _cBK |
||
| 999 |
_c365937 _d365937 |
||